Manejo del ganado; nociones fundamentales /

Guardado en:
Autor Principal: Buckett, M
Formato: Libro
Publicado: Buenos Aires : El Ateneo, 1982
Materias:
Etiquetas: Agregar Etiqueta
Sin Etiquetas, Sea el primero en etiquetar este registro!
LEADER 00600nam a22002055a 4500
001 CEM.cems015743
005 20091203182206.0
008 130507s1982##################000#0#####d
003 CEMS
082 0 4 |a 636.083 
100 1 |a Buckett, M 
245 1 0 |a Manejo del ganado; nociones fundamentales /  |c M Buckett, 
260 |a Buenos Aires :  |b El Ateneo,  |c 1982 
300 |a 180 p. 
653 |a Bovinos-reproducción 
653 |a Bovinos-enfermedades 
653 |a Ganadería 
653 |a Ganado-alimentación 
653 |a Ovinos-enfermedades 
859 |a CEMS  |b BIB. CEMS - Agricultura  |h 636.083  |i B855  |p A12258.83  |t Ej.1